000 00785nam a2200277Ia 4500
008 160803s9999 xx 000 0 und d
020 _a978-0439691451
100 _aStilton, Geronimo
245 4 _aThe Secret of the Cacklefur Castle /
245 _cGeronimo Stilton ; [illustrations, Larry Keys, Blasco Tabasco, and Toffina Sakkarina].
260 _aNew York :
260 _bScholastic Inc.
260 _c2005
300 _a109 pages :
300 _bcolor illustrations, color maps ;
300 _c20 cm.
440 _aGeronimo Stilton :
440 _vbk. 22
650 _aAnimals --
650 _aMice --
650 _aStilton, Geronimo --
650 _xJuvenile fiction.
650 _xJuvenile fiction.
650 _xJuvenile fiction.
700 _a430
999 _c298278
_d298278